| 000 | 00380nam a2200157Ia 4500 | ||
|---|---|---|---|
| 008 | 230917s9999||||xx |||||||||||||| ||und|| | ||
| 040 |
_e117441 _aMAIN |
||
| 041 | _aEnglish | ||
| 082 | _a005.133 P272E | ||
| 100 | _aPatel, R.B. | ||
| 245 | 0 | _aExpert data stractures with C. | |
| 250 | _a2nd ed. | ||
| 260 |
_aNew Delhi _bKhana Book _c2004 |
||
| 300 | _a907p. p. | ||
| 942 | _cBK | ||
| 999 |
_c136886 _d136886 |
||